000 00777cam a2200205 i 4500
005 20260122121910.0
008 250721s2017 jo gr 000 0 ara d
020 _a9789957533519
082 1 4 _a344.05
_bب ط و
100 1 _aالبطوش، أيمن محمد
_eمؤلف.
245 1 2 _aالصلاحيات القانونية الممنوحة لأفراد الأمن العام في التشريعات الأردنية /
_cالدكتور أيمن محمد البطوش.
250 _aالطبعة الأولى.
264 3 1 _aعمان :
_bدار السواقي العلمية،
_c2017.
300 _a240 صفحة.
650 1 7 _aالقانون.
650 1 7 _aالأمن العام.
650 1 7 _aالأردن.
942 _2ddc
_cBK
999 _c137225
_d137225